| 000 | 01483nam a2200313 a 4500 | ||
|---|---|---|---|
| 001 | 00145 | ||
| 003 | DO-SdBNP | ||
| 005 | 20180315102340.0 | ||
| 007 | 00145 | ||
| 008 | 150130s2013 dr 2013 000 0 spa d | ||
| 020 | _a9789945121520 | ||
| 040 |
_aBPMSU _bspa _cBPMSU |
||
| 092 |
_a372.7 _bM425e 8vo. 2013 |
||
| 245 | 0 | 0 |
_aMatemática 8: _beducación básica . |
| 260 |
_aSanto Domingo : _bSusaeta, _c2013. |
||
| 300 |
_a229 p. : _bil., retrs. ; _c28 cm. |
||
| 500 | _aEdición especial para el Ministerio de Educación año 2013 | ||
| 505 | 1 |
_tUnidad 1.: _tProporcionalidad numérica -- _tunidad 2 -- _tNúmeros enteros, racionales, irracionales y reales -- _tUnidad 3 .: _tPreálgebra. Uso de las letras -- _tUnidad 4 .: _tEcuaciones e inecuaciones -- _tUnidad 5 .: _tGeometría de coordenadas -- _tUnidad 6 .: _tMagnitudes -- _tUnidad 7 .: _tUnidades de superficie y de volumen de los cuerpos redondos -- _tUnidad 8 .: _tRecolección, organización análisis de información -- _tUnidad 9 .: _tProbabilidades -- |
|
| 650 | 4 |
_aMATEMÁTICAS _xEDUCACIÓN PRIMARIA |
|
| 650 | 4 |
_aMATEMÁTICAS _xLIBROS DE TEXTOS |
|
| 650 | 4 |
_aMATEMÁTICAS _xESTUDIOS Y EJERCICIOS |
|
| 650 | 4 |
_aEDUCACIÓN PRIMARIA _zREPÚBLICA DOMINICANA |
|
| 650 | 4 |
_aMATEMÁTICAS _xENSEÑANZA BÁSICA |
|
| 910 | _aValidado. Control de calidad MFF | ||
| 942 |
_2ddc _cBK |
||
| 945 | _aRemanejado para la BNPHU / 2018 VM | ||
| 956 |
_aVMATEO _b10 _c20150722 _lBPMSU _h00151 |
||
| 956 |
_aBTAVÁREZ _b10 _c20160405 _l00145 |
||
| 999 |
_c9565 _d9565 |
||